Sputiamo su Hegel e altri scritti /

Guardat en:
Dades bibliogràfiques
Autor principal: Lonzi, Carla (Autor)
Autor corporatiu: Rivolta Femminile (Roma) (Autor)
Altres autors: Buttarelli, Annarosa (Editor)
Format: Llibre
Idioma:italià
Publicat: Milano : La Tartaruga, 2023
Col·lecció:La tartaruga ; 36
Matèries:
Etiquetes: Afegir etiqueta
Sense etiquetes, Sigues el primer a etiquetar aquest registre!

MARC

LEADER 00000nam a22000007i 4500
001 IT\ICCU\LI3\0026551
003 ItRI
005 20260115232200.0
008 230928s2023 it |||||| |||||0|||||c
020 |a 9788894814484 
040 |b ita  |c importazione bologna sebina 
041 7 |a ita  |2 ISO-639-2 
082 |a 305.42  |9 DONNE. RUOLO SOCIALE E CONDIZIONE  |2 23 
100 1 |a Lonzi, Carla  |0 IT\ICCU\CFIV\031079  |4 aut 
240 1 0 |a Sputiamo su Hegel  |3 IT\ICCU\LO1\1838495  |9 Lonzi, Carla 
240 1 3 |a La donna clitoridea e la donna vaginale  |3 IT\ICCU\VIA\0555508  |9 Lonzi, Carla 
245 1 0 |a Sputiamo su Hegel e altri scritti /  |c Carla Lonzi ; a cura di Annarosa Buttarelli. 
260 |a Milano :  |b La Tartaruga,  |c 2023 
300 |a 143 p. :  |b ill. ;  |c 22 cm 
500 |a P. [13]-20  |9 IT\ICCU\TO0\1816763 
500 |a P. [137]-143  |9 IT\ICCU\LI3\0026562 
500 |a P. [63]-65  |9 IT\ICCU\LI3\0026563 
500 |a P. [67]-75  |9 IT\ICCU\LI3\0026561 
500 |a Sommario con paginazione non corrispondente al reale 
650 7 |a Femminismo 
650 7 |a Rivolta Femminile <collettivo>  |2 nsbncf 
700 1 |a Buttarelli, Annarosa  |0 IT\ICCU\REAV\094095  |4 edt 
710 2 |a Rivolta Femminile (Roma)  |0 IT\ICCU\RMSV\715032  |4 aut 
777 0 |w IT\ICCU\LI3\0026561  |t Sessualità femminile e aborto  |a Rivolta Femminile  |0 IT\ICCU\RMSV\715032 
777 0 |w IT\ICCU\LI3\0026562  |t Significato dell'autocoscienza nei gruppi femministi  |a Rivolta Femminile  |0 IT\ICCU\RMSV\715032 
777 0 |w IT\ICCU\LI3\0026563  |t Assenza della donna dai momenti celebrativi della manifestazione creativa maschile  |a Rivolta Femminile  |0 IT\ICCU\RMSV\715032 
777 0 |w IT\ICCU\TO0\1816763  |t Manifesto di Rivolta Femminile  |a Rivolta Femminile  |0 IT\ICCU\RMSV\715032 
790 1 |a Butarelli, Annarosa  |3 IT\ICCU\IEIV\107345  |z Buttarelli, Annarosa 
830 3 |a La tartaruga ;  |v 36  |0 IT\ICCU\LI3\0026553 
942 |2 ddc  |c BK  |n 0 
952 |0 0  |1 0  |4 0  |6 DOC_305_420000000000000_LON  |7 0  |9 21530  |a BO  |b BO  |d 2026-01-15  |i 20241  |l 0  |o DOC 305.42 LON  |p BO20241  |r 2026-01-15 23:22:00  |w 2026-01-15  |x [Sebina 5] [1 v.]  |y BK  |z 1 v. 
999 |c 18386  |d 18386